|
|
|
|
| LEADER |
00000nam a22000007a 4500 |
| 005 |
20111003113558.0 |
| 008 |
111003s2009 cl |||||s|||| 00||0 spa d |
| 020 |
|
|
|a 978-956-10-1834-1
|
| 035 |
|
|
|a 5840
|
| 040 |
|
|
|a vLex
|
| 090 |
|
|
|c 2585
|d 2585
|
| 100 |
1 |
|
|a Stitchkin Branover, David
|
| 245 |
1 |
3 |
|a El mandato civil
|h [Recurso electrn̤ico] /
|c David Stitchkin Branover
|
| 256 |
|
|
|a Servicio en ln̕ea.
|
| 260 |
|
|
|a [Chile] :
|b Editorial jurd̕ica de Chile,
|c 2009.
|
| 300 |
|
|
|a 1 recurso electrn̤ico
|
| 506 |
1 |
|
|a Contenido solo disponible en los productos indicados
|d vLex Global
|d vLex Global (Academic Edition, excluding Law Schools)
|d vLex Global (U.S. Academic Edition, Law Schools)
|d vLex Global (U.S. Academic Edition, excluding Law Schools)
|d vLex Global (Academic Edition, Law Schools)
|
| 650 |
0 |
4 |
|a Derecho civil
|z Chile
|
| 740 |
0 |
|
|a vLex Libros (Servicio en ln̕ea)
|
| 856 |
4 |
0 |
|u http://vlex.com/source/mandato-civil-5840
|z Acceso restringido
|
| 942 |
|
|
|c BOOK
|